Antitrust Law and Economics

Bibliographic Details
Main Author: Kirkwood, John B.
Format: eBook
Language:English
Published: Bingley: Emerald Group Publishing Limited, 2004
Subjects:
Online Access:Acceso restringido

MARC

LEADER 00000nam a22000007a 4500
005 20210217224231.0
007 cr|||| ||||
008 210217s2004 gb |||||s|||| 00||0 eng d
020 |a 978-0-76231-115-6 
035 |a 31973 
040 |a vLex 
090 |c 11172  |d 11172 
100 1 |a Kirkwood, John B. 
245 1 0 |a Antitrust Law and Economics  |h [Recurso electrn̤ico] /  |c John B. Kirkwood 
256 |a 1 recurso electrn̤ico 
260 |a Bingley:  |b Emerald Group Publishing Limited,  |c 2004 
300 |a 1 recurso electrn̤ico 
506 1 |a Disponible solo en los productos indicados  |d vLex Global  |d vLex Global (Academic Edition, excluding Law Schools)  |d vLex Global (U.S. Academic Edition, Law Schools)  |d vLex Global (U.S. Academic Edition, excluding Law Schools)  |d vLex Global (Academic Edition, Law Schools) 
650 0 4 |a Derecho de la Competencia  |z Reino Unido 
650 0 4 |a Economa̕ y negocios  |z Reino Unido 
740 0 |a vLex Libros (Servicio en ln̕ea) 
856 4 0 |u http://vlex.com/source/31973  |z Acceso restringido 
942 |c BOOK 
999 0 |a Competition Law 
999 0 |a Economy and business